Statistiques concernant Reims : Culture Générale

Cliquez ici pour prendre le quiz!

Statistiques générales

  • Ce quiz a été pris 296 fois
  • Le résultat moyen est 7 sur 15

Statistiques - réponses

QuestionRéponse% Correct
Numéro du département51
97%
RégionGrand-Est
93%
DépartementMarne
91%
Gentilé (Nom des habitants)Rémois
81%
Héroïne la plus célèbre de L'Histoire de France ayant fait sacrer Charles VII,le 17 Juillet 1429.Jeanne d'Arc
70%
Surnom de la villeLa Cité des Sacres
42%
Célèbre Place érigée en l'honneur du Roi Louis XV.Place Royale
41%
Saint Catholique qui baptisa le Roi Clovis Ier,en 496 ou 498.Rémi
39%
Célèbre Monument bombardé par les allemands en 1914,puis reconstruit à l'identique en 20 ans.Cathédrale Notre-Dame
32%
Ministre célèbre de Louis XIV qui naquit à Reims en 1619.Colbert
32%
Nombre d'habitants (Arrondir à la dizaine près),ce qui fait de Reims une des villes les plus peuplées de France,derrière la ville de Rennes.180 000
31%
Basilique ou les Rois Louis IV d'Outremer,Lothaire et Louis V ont successivement été sacrés.Basilique Saint-Rémi
31%
Nom romain de la villeDurocortorum
26%
Henri IV,premier Roi de la dynastie des Bourbons,était censé être sacré à Reims,comme tous les Rois de France,depuis Louis Ier le Pieux.(Sauf quelques exceptions comme Lothaire par exemple,mentionné plus haut dans ce quiz).
Mais en raison des Guerres de Religion,il fut sacré en 1594 dans la Cathédrale de cette ville.
Chartres
15%
Vers l'an mil,l'archevêque de Reims,Gerbert d'Aurillac,est élu pape sous ce nom.Sylvestre II
4%

Distribution des résultats

Percentile par nombre de réponses

% des personnes avec chaque résultat

Votre développement - résultats

Vous n’avez pas pris ce quiz